Odporúčania zamerané na zvýšenie účasti slovenských subjektov v rámcovom programe EÚ - Horizont 2020

Analýza rôznych rámcových programov Európskej únie so zameraním na najaktuálnejší – Horizont 2020. Charakteristika rámcových programov. Stručný popis a základné charakteristiky Siedmeho rámcového programu pre výskum, technický rozvoj a demonštračné aktivity (2007-2013). Horizont 2020 spojuje všetky...

Ausführliche Beschreibung

Gespeichert in:
Bibliographische Detailangaben
1. Verfasser: Sopková, Gabriela
Weitere Verfasser: Kučera, Juraj
Format: Buchkapitel
Sprache:Slowakisch
Schlagworte:
Tags: Tag hinzufügen
Keine Tags, Fügen Sie das erste Tag hinzu!

MARC

LEADER 00000nla a2200000 4500
001 0207460
005 20240603071707.0
041 0 |a slo 
044 |a SK 
245 1 0 |a Odporúčania zamerané na zvýšenie účasti slovenských subjektov v rámcovom programe EÚ - Horizont 2020  |c Gabriela Sopková, Juraj Kučera 
520 |a Analýza rôznych rámcových programov Európskej únie so zameraním na najaktuálnejší – Horizont 2020. Charakteristika rámcových programov. Stručný popis a základné charakteristiky Siedmeho rámcového programu pre výskum, technický rozvoj a demonštračné aktivity (2007-2013). Horizont 2020 spojuje všetky existujúce zdroje podpory a financovania vedy a výskumu v Európskej Únii. Spája siedmy rámcový program (7.RP), rámcový program pre konkurencieschopnosť (CIP) a Inovácie a aktivity európskeho inovačného a technologického inštitútu (EIT). Je to prioritný nástroj a hlavný grantový program EÚ na podporu vedy a výskumu na obdobie 2014-2020, s rozpočtom približne 70 mld. €. Analýza účasti Slovenska vo vybraných programoch. Aktuálna účasť Slovenska v Horizonte 2020. 
610 2 0 |a programy operačné 
610 2 0 |a programy rozvojové 
610 2 0 |a fondy Európskej únie 
610 2 0 |a veda 
610 2 0 |a výskum 
610 2 0 |a Slovensko 
100 1 |a Sopková, Gabriela 
700 1 |a Kučera, Juraj